000 00985nam a22002297a 4500
003 OSt
005 20250924164622.0
008 240314b ||||| |||| 00| 0 eng d
040 _c0
082 _aDPer 621.381 In821 August 2022 v. 37 n. 8
100 _aXing, Yashan.
_eauthor.
_954635
245 _aAdaptive nonlinear parameter estimation for a proton exchange membrane fuel cell /
_cYashan Xing, Jing Na, Mingrui Chen, Ramon Costa-Castello, and Vicente Roda.
260 _aNew York ;
_bThe Institute of Electrical and Electronics Engineers, Inc. ,
_cAugust 2022.
300 _aVolume 37, pages 9012-9023 :
_billustration ;
_c28 cm.
500 _aIEEE Transitions on Power Electronics, v. 37 n. 8, pages 9012-9023, August 2022.
700 _aXing, Yashan.
_eauthor.
_954635
700 _aNa, Jing.
_eauthor.
_954636
700 _aChen, Mingrui.
_eauthor.
_954637
700 _aCosta-Castello, Ramon.
_eauthor.
_954638
700 _aRoda, Vicente.
_eauthor.
_954639
942 _2ddc
_cPER
999 _c19672
_d19672